Sports Quiz

Random Sports or Numbers Quiz

2010-11 Flyers Quiz Stats

 Plays Quiz not verified by Sporcle

Support Sporcle.
Go Orange.
Score 0/25 Timer 05:00
0 Plays Today
Number Player % Correct
#17Jeff Carter
95.3%
#18Mike Richards
93%
#48Danny Briere
88.4%
#28Claude Giroux
88.4%
#20Chris Pronger
88.4%
#33Brian Boucher
86%
#5Braydon Coburn
83.7%
#22Ville Leino
81.4%
#25Matt Carle
81.4%
#19Scott Hartnell
79.1%
#93Nikolay Zherdev
79.1%
#44Kimmo Timonen
79.1%
#35Sergei Bobrovsky
79.1%
Number Player % Correct
#13Daniel Carcillo
74.4%
#21James Van Riemsdyk
69.8%
#10Kris Versteeg
67.4%
#11Blair Betts
60.5%
#36Darroll Powe
58.1%
#15Andreas Nodl
55.8%
#41Andrej Meszaros
55.8%
#6Sean O'Donnell
55.8%
#45Jody Shelley
53.5%
#3Oskars Bartulis
48.8%
#14Ian Laperriere
41.9%
#24Nick Boynton
27.9%

You're not logged in!

Compare scores with friends on all Sporcle quizzes.
OR
Log In

From the Vault

Song Titles in Opening Lyrics

by Kicking222

Thankfully the Hokey Pokey is not an answer here.
Remove Ads.
Support Sporcle.
Get the best of Sporcle when you Go Orange. This ad-free experience offers more features, more stats, and more fun while also helping to support Sporcle. Thank you for becoming a member.

Show Comments

Extras

Top Quizzes Today


Score Distribution

Your Account Isn't Verified!

In order to create a playlist on Sporcle, you need to verify the email address you used during registration. Go to your Sporcle Settings to finish the process.

Report this User

Report this user for behavior that violates our Community Guidelines.

Details: